Obecný dom Priepastné
Salvato in:
| Autore principale: | |
|---|---|
| Altri autori: | |
| Natura: | Manoscritto Libro |
| Lingua: | slovacco |
| Pubblicazione: |
2016
|
| Soggetti: | |
| Accesso online: | http://is.stuba.sk/zp/portal_zp.pl?podrobnosti=100283 https://opac.crzp.sk/?fn=detailBiblioForm&sid=CAF43C23BCEFEBA4BACF1BBCB6F5 |
| Tags: |
Nessun Tag, puoi essere il primo ad aggiungerne!!
|
MARC
| LEADER | 00000ntm a22000003a 4500 | ||
|---|---|---|---|
| 001 | stuzp55850 | ||
| 003 | SK-STU | ||
| 005 | 20230721101730.9 | ||
| 007 | ta | ||
| 008 | 150427s2015----xo-----f-mn---000-0-slo-d | ||
| 040 | |a STU |b slo | ||
| 041 | 0 | |a slo | |
| 100 | 1 | |a Zetochová, Jana |u 010310 |4 aut |U SvF Stavebná fakulta |T SvF Katedra architektúry |X 56681 |U V181|V310 |Y 19 |7 56681 | |
| 242 | 0 | 1 | |a Council house Priepasné |y eng |
| 245 | 1 | 0 | |a Obecný dom Priepastné |
| 260 | |c 2016 | ||
| 650 | 4 | |a kaviareň |2 slo | |
| 650 | 4 | |a tradície |2 slo | |
| 650 | 4 | |a škôlka |2 slo | |
| 650 | 4 | |a múzeum |2 slo | |
| 650 | 4 | |a folklór |2 slo | |
| 650 | 4 | |a traditions |2 eng | |
| 650 | 4 | |a museum |2 eng | |
| 650 | 4 | |a cafe |2 eng | |
| 650 | 4 | |a nursery |2 eng | |
| 650 | 4 | |a folklore |2 eng | |
| 700 | 1 | |a Nádaská, Zuzana |u 010310 |k Z1 |4 ths |U SvF Stavebná fakulta |T SvF Katedra architektúry |X 790 |U V181|V310 |Y 19 |7 A000000790 | |
| 856 | 4 | |u http://is.stuba.sk/zp/portal_zp.pl?podrobnosti=100283 | |
| 856 | 4 | |u https://opac.crzp.sk/?fn=detailBiblioForm&sid=CAF43C23BCEFEBA4BACF1BBCB6F5 | |
| SQL | |a stuzp55850 |b DBP |c SLO |d Obecný dom Priepastné |e 56681 |f Zetochová, Jana |g 010310 |h 790 |i Nádaská, Zuzana |j 20160620 |k 4 |l 01 |m http://is.stuba.sk/zp/portal_zp.pl?podrobnosti=100283 |n B-PSA |o 5.1.4. pozemné stavby, 5.1.1. architektúra a urbanizmus | ||